Indiana Football QB's Since 2015 - Statistics

General Stats
  • This quiz has been taken 19 times
  • The average score is 5 of 9
Answer Stats
Hint Answer % Correct
15 Fernando Mendoza
100%
9 Kurtis Rourke
85%
9 Micheal Penix Jr
77%
5 Tayven Jackson
69%
10 Brendan Sorsby
46%
12 Nate Sudfeld
31%
21 Richard Lagow
31%
9 Connor Bazelak
23%
14 Jack Tuttle
15%
No matching quizzes found
Score Distribution
Percent of People with Each Score
Percentile by Number Answered
Your Score History
You have not taken this quiz